header

Principles and applications of lithium secondary batteries (Record no. 81296)

MARC details
000 -LEADER
fixed length control field 01142nam a2200301Ia 4500
245 00 - TITLE STATEMENT
Title Principles and applications of lithium secondary batteries
260 ## - PUBLICATION, DISTRIBUTION, ETC. (IMPRINT)
Place of publication Weinheim :
Name of publisher Wiley-VCH,
Year of publication 2012.
300 ## - PHYSICAL DESCRIPTION
Number of Pages xiv, 366 p. :
Other physical details ill.
650 #0 - SUBJECT ADDED ENTRY--TOPICAL TERM
Topical Term Lithium cells.
Topical Term Storage batteries.
700 1# - ADDED ENTRY--PERSONAL NAME
Personal name Park, Jung-Ki.
856 40 - ELECTRONIC LOCATION AND ACCESS
Uniform Resource Identifier http://site.ebrary.com/lib/rucke/Doc?id=10570738

No items available.

© 2026 Rongo University
Contact us: librarian | system librarian | Rongo university